000 00887nam a2200265Ia 4500
003 OSt
005 20220918170228.0
006 a|||||r|||| 00| 0
007 ta
008 220917b |||||||| |||| 00| 0 eng d
020 _a978 90 272 3411 7 (hbk)
_cEURO 95.00
024 _a317,798
037 _b1322, 06/03/2017, Bright Book Service
_cTextual
040 _aARTS
_cARTS
_beng
041 _2eng
_aeng
082 _aP111, Q6
100 _aZyngier Sonia Ed.
_927818
245 0 _aLanguage discourse style
_b selected works of John McH. Sinclair
260 _aAmsterdam
_bJohn Benjamins Publishing Company The Natherlands
_c2016
300 _axxiii,282p.
_ccm.
490 _aLinguistic approaches to literature (LAL); 22
650 _aLINGUISTICS
942 _hP111, Q6
_cTEXL
_2CC
999 _c133204
_d133204